Statistiques concernant Les cinq pays les plus grands et plus petits par continent

Cliquez ici pour prendre le quiz!

Statistiques générales

  • Ce quiz a été pris 502 fois
  • Le résultat moyen est 46 sur 60

Statistiques - réponses

Pays% Correct
France
97%
Russie
97%
Chine
94%
Espagne
91%
Ukraine
91%
Brésil
90%
Argentine
89%
Australie
89%
Inde
89%
Algérie
88%
Canada
88%
États-Unis
88%
Vatican
87%
Mexique
86%
Monaco
86%
Nouvelle-Zélande
86%
Saint-Marin
86%
Colombie
85%
Pérou
85%
République Démocratique du Congo
85%
Liechtenstein
84%
Uruguay
81%
Bolivie
80%
Paraguay
80%
Suède
80%
Guyana
78%
Suriname
78%
Équateur
77%
Kazakhstan
77%
Fidji
76%
Indonésie
76%
Malte
76%
Soudan
75%
Papouasie-Nouvelle-Guinée
74%
Arabie Saoudite
73%
Cap-Vert
72%
Seychelles
72%
Nicaragua
70%
Tuvalu
70%
Comores
69%
Honduras
69%
Saint-Vincent-et-les-Grenadines
69%
Ile Maurice
68%
Libye
68%
Singapour
68%
Nauru
67%
Tchad
67%
Micronésie
66%
Saint-Christophe-et-Niévès
66%
Sao-Tomé-et-Principe
66%
Brunei
65%
Iles Marshall
65%
Bahrein
63%
Barbade
63%
Salomon
63%
Antigua-et-Barbuda
62%
Palaos
61%
Grenade
60%
Maldives
60%
Liban
43%

Distribution des résultats

Percentile par nombre de réponses

% des personnes avec chaque résultat

Votre développement - résultats

Vous n’avez pas pris ce quiz